Nové prvky v odpisování základních prostředků.
Ciele novej metodiky odpisovania základných prostriedkov. Zásadné východiská novej metodiky. Právna úprava tejto metodiky. Hlavné zmeny oproti predchádzajúcej úprave. Nové črty v určovaní obsahu investícií a v zabezpečovaní investičnej výstavby. Rozšírenie foriem zaobstarávania základných prostriedk...
Enregistré dans:
| Auteur principal: | |
|---|---|
| Format: | Chapitre de livre |
| Langue: | tchèque |
| Sujets: | |
| Tags: |
Pas de tags, Soyez le premier à ajouter un tag!
|
MARC
| LEADER | 00000naa a2200000 4500 | ||
|---|---|---|---|
| 001 | r007345 | ||
| 005 | 20221125080643.4 | ||
| 041 | 0 | |a cze | |
| 044 | |a [CS] | ||
| 245 | 1 | 0 | |a Nové prvky v odpisování základních prostředků. |c M. Blatný |
| 520 | |a Ciele novej metodiky odpisovania základných prostriedkov. Zásadné východiská novej metodiky. Právna úprava tejto metodiky. Hlavné zmeny oproti predchádzajúcej úprave. Nové črty v určovaní obsahu investícií a v zabezpečovaní investičnej výstavby. Rozšírenie foriem zaobstarávania základných prostriedkov. | ||
| 610 | 2 | 0 | |a prostriedky základné |
| 610 | 2 | 0 | |a odpisy |
| 610 | 2 | 0 | |a predpisy právne |
| 610 | 2 | 0 | |a investície |
| 610 | 2 | 0 | |a výstavba investičná |
| 100 | 1 | |a Blatný, M. | |